Первобытная техника / (Record no. 182332)
[ view plain ]
| 000 -LEADER | |
|---|---|
| fixed length control field | 00891nam a2200241 a 4500 |
| 001 - CONTROL NUMBER | |
| control field | 000494487 |
| 003 - CONTROL NUMBER IDENTIFIER | |
| control field | AM-YeHGA |
| 005 - DATE AND TIME OF LATEST TRANSACTION | |
| control field | 20250617134444.0 |
| 008 - FIXED-LENGTH DATA ELEMENTS--GENERAL INFORMATION | |
| fixed length control field | 060704s ||| r 000 0 rus d |
| 040 ## - CATALOGING SOURCE | |
| Original cataloging agency | AM-YeHGA |
| 041 1# - LANGUAGE CODE | |
| Language code of text/sound track or separate title | rus |
| Language code of original | ger |
| 090 ## - LOCALLY ASSIGNED LC-TYPE CALL NUMBER (OCLC); LOCAL CALL NUMBER (RLIN) | |
| -- | 183785 |
| 100 1# - MAIN ENTRY--PERSONAL NAME | |
| Personal name | Левин-Дорш, А. |
| 245 10 - TITLE STATEMENT | |
| Title | Первобытная техника / |
| Statement of responsibility, etc. | А. Левин-Дорш, Г. Кунов; Пер. с нем. И.Н. Юровского; Под ред. Д.Н. Анучина. |
| 260 ## - PUBLICATION, DISTRIBUTION, ETC. | |
| Place of publication, distribution, etc. | Москва |
| -- | Петроград : |
| Name of publisher, distributor, etc. | Госиздат, |
| Date of publication, distribution, etc. | Б. г. |
| 300 ## - PHYSICAL DESCRIPTION | |
| Extent | 464 с. : |
| Other physical details | ил. |
| 440 #0 - SERIES STATEMENT/ADDED ENTRY--TITLE | |
| Title | Культурно-историческая библиотека |
| Volume/sequential designation | 13 |
| 653 0# - INDEX TERM--UNCONTROLLED | |
| Uncontrolled term | Первобытная техника |
| 700 1# - ADDED ENTRY--PERSONAL NAME | |
| Personal name | Кунов, Г. |
| 700 1# - ADDED ENTRY--PERSONAL NAME | |
| Personal name | Юровской, И.Н. |
| Relator term | пер. |
| Relationship | trl |
| 700 1# - ADDED ENTRY--PERSONAL NAME | |
| Personal name | Анучин, Д.Н. |
| Relator term | ред. |
| Relationship | edt |
| 942 ## - ADDED ENTRY ELEMENTS (KOHA) | |
| Source of classification or shelving scheme | Universal Decimal Classification |
| Koha item type | Գրքեր / Books |
| Withdrawn status | Lost status | Source of classification or shelving scheme | Damaged status | Not for loan | Collection | Home library | Current library | Date acquired | Total checkouts | Full call number | Barcode | Date last seen | Price effective from | Koha item type | Public note |
|---|---|---|---|---|---|---|---|---|---|---|---|---|---|---|---|
| Universal Decimal Classification | General | Fundamental Scientific Library | Fundamental Scientific Library | 28/12/2016 | PI/1731 | FL0077419 | 28/12/2016 | 28/12/2016 | Գրքեր / Books | 30 Days Loan | |||||
| General | Fundamental Scientific Library | Fundamental Scientific Library | 28/12/2016 | PII/485343 | FL0268913 | 28/12/2016 | 28/12/2016 | Գրքեր / Books | 30 Days Loan | ||||||
| Universal Decimal Classification | Jahukyan Individual Collection | Fundamental Scientific Library | Fundamental Scientific Library | 28/12/2016 | Джаук/2454 | 906002454 | 28/12/2016 | 28/12/2016 | Գրքեր / Books | ILL Non-Circ. | |||||
| Universal Decimal Classification | General | Fundamental Scientific Library | Fundamental Scientific Library | 15/06/2018 | РД I/11111 | FL0504945 | 15/06/2018 | 15/06/2018 | Գրքեր / Books | 30 Days Loan |
ՀՀ Գիտությունների ազգային ակադեմիայի հիմնարար գիտական գրադարան = Fundamental Scientific Library of NAS RA
All site content, except where otherwise noted, is licensed under a